00431nam a2200169Ia 4500003000400000008004100004040001600045082001600061100002400077245004100101260004200142300001000184490002500194650000800219650001600227650001800243GCL140319s9999 xx 000 0 eng d aGCL / cGCL04a920.71bL K1 aLEVY, BERNARD HENRI10aKLAUS BARBIE / cLEVY, BERNARD HENRI a[S.N] : bLE LIVRE DE POCHE ، c1986 a382 P aLE LIVRE DE POCHEv004aMEN04aBIOGRAPHIES04aBARBIE, KLAUS